000 00969nam0a22002651 4500
001 rc\699203
005 20250621214759.0
035 _a(NLR Aleph) 005935220
090 _a6620642
_c6620642
100 _a20031121d1985 |||y0rusy50 ca
101 0 _arus
102 _aRU
105 _ay |||||||||
200 1 _aМетод для определения всех нулей обобщенного полинома по произвольной чебышевской системе
210 _aДубна
_cОИЯИ
_d1985 (1986)
215 _a8 с.
_d22
225 1 _aСообщения Объединенного института ядерных исследований
_vР11-85-931
320 _aБиблиогр.: с. 8 (8 назв.)
700 1 _aСемерджиев
_bХ.И.
_gХристо Илиев
701 1 _aТамбуров
_bС.Г.
801 0 _aRU
_bNLR
_gpsbo
801 1 _aRU
_bELAR
_2rusmarc
852 _aNLR
_j86-6/1346
942 _cBOOK
980 _aNB